| 000 | 02239nam a2200313 a 4500 | ||
|---|---|---|---|
| 001 | BRCA_8933 | ||
| 003 | FranzMayer | ||
| 005 | 20230721110704.0 | ||
| 008 | 290617s1785----sp-#######---#000-0#spa-# | ||
| 040 |
_aMFM _besp _cMFM |
||
| 041 | _aspa | ||
| 044 | _asp | ||
| 084 |
_aLE23 _b.D53 1785 |
||
| 100 | 1 |
_aDíaz de Guereñu, Pedro _922202 |
|
| 245 | 1 | 0 |
_aAño panegyrico, ó sermones escogidos panegíricos, para los principales misterios de Jesu-Christo nuestro Redentor, y festividades de su Santísima Madre, y Santos que celebra la Iglesia _brepartidos por los meses del año: sacados de los más clásicos autores _cpor el Padre Don Pedro Días de Guereñu; tomo primero; contiene los meses de enero, y febrero. |
| 250 | _a2a ed. | ||
| 260 |
_aMadrid _bPor Pedro Marin _c1785 |
||
| 300 |
_a[4], 348 p. (t.1) _c21.4 x 15.3 cm |
||
| 500 | _aCon privilegio | ||
| 500 | _aEstado físico: presenta encuadernación en pergamino | ||
| 500 | _aEn portada: Se hallara en la Librería de Juan de Llera, Plazuela del Ángel, juntó a la Nevería | ||
| 500 | _aCon marca de fuego: “Procedencia de la marca: Convento de San Francisco Santa María del Pueblito de Querétaro(1). Institución: Orden de Frailes Menores. Provincia de San Pedro y San Pablo de Michoacán. Descripción: Monograma conformado por las iniciales “P”, “u”, “E” seguidas de “b”, “I”, “T” y “o” que se desata como Pueblito(2) dentro de un filete en forma de rombo. Observaciones: Krausse la incluye entre las marcas no identificadas. David Saavedra la identifica como del Convento Franciscano de Santa María del Pueblito, Villa Corregidora de Querétaro. Con el testimonio de pertenencia ubicado en este ejemplar se corrobora la atribución realizada por David Saavedra. Ubicación de la marca en el libro: Canto superior, inferior y lateral” | ||
| 505 | 0 | _aContiene los meses de enero, y febrero | |
| 650 | 1 | 4 |
_aSermones españoles _yObras anteriores a 1800 _921577 |
| 700 | 1 |
_aLlera, Juan de _elibrero _922203 |
|
| 856 | _ahttp://www.marcasdefuego.buap.mx:8180/xmLibris/projects/firebrand/item.jsp?repository=marcas_de_fuego&key=marcas_de_fuego_franciscanas_20150618135223_2ccc.xml&num=124 | ||
| 902 | _aCFM | ||
| 942 |
_2lcc _cB |
||
| 999 |
_c8584 _d8584 |
||